| 000 | 00869nam a2200205 i 4500 | ||
|---|---|---|---|
| 001 | 158502 | ||
| 003 | ES-MaACL | ||
| 005 | 20230906211155.0 | ||
| 008 | 990310s1896 ag |||| | spa d | ||
| 100 | 1 |
_aMagnasco, Osvaldo. _9129346 |
|
| 245 | 1 | 3 |
_aLa cuestión de límites [entre Chile y la Argentina] _b: el alegato chileno (refutación) / _cpor Osvaldo Magnasco. |
| 260 |
_aBuenos Aires : _bFélix Lajouane, _c1896 ( _fImp. y Lit. Mariano Moreno) |
||
| 300 |
_a[4], 55 p. ; _c23 cm. |
||
| 596 | _aMarca tip. en port. | ||
| 597 | _aAntep. | ||
| 651 | 4 |
_aChile- _xFronteras- _zArgentina. _9158792 |
|
| 651 | 4 |
_aArgentina- _xFronteras- _zChile. _9158791 |
|
| 852 |
_aES-MaACL _jT-797-F-7 _z- Enc. hol., conservando cub. original _z- Enc. en un vol. facticio |
||
| 852 |
_aES-MaACL _jT-1430-F-10 _z-- Enc. hol., conservando la cub. original _z-- Enc. en un vol. facticio |
||
| 999 |
_c158502 _d158502 |
||